| 000 | 00700cab a2200241 4500 | ||
|---|---|---|---|
| 001 | WB3244-07 | ||
| 008 | 090401t1996 xxu||||| |||| 00| 0 eng d | ||
| 035 | _a(Sirsi) u56160 | ||
| 041 | _aeng | ||
| 245 | _aAgricultural derivatives | ||
| 260 | _c1996 | ||
| 350 | _a0 | ||
| 490 |
_aFinancial Times _v22 November 1996, III(1) |
||
| 520 | _aAssesses the agricultural derivatives market in the light of proposed Common Agricultural Policy reform. | ||
| 650 | _aAGRICULTURAL DERIVATIVES | ||
| 650 | _aCAP REFORM | ||
| 650 | _aDERIVATIVES | ||
| 650 | _aFUTURES MARKET | ||
| 690 | _aPROPERTY-PROPERTY FINANCE AND INVESTMENT | ||
| 690 | _aRURAL PRACTICE | ||
| 942 | _n0 | ||
| 948 | _c04/03/1997 | ||
| 999 |
_c34260 _d34260 |
||